| 000 | 00511pab a2200169 454500 | ||
|---|---|---|---|
| 008 | 180718b2001 xxu||||| |||| 00| 0 eng d | ||
| 100 | _aDavis, Paul | ||
| 245 | _aA mis-signalling problem? the troubled performance relationship between credit unions and local government in the UK | ||
| 260 | _c2001 | ||
| 300 | _ap.1-18 | ||
| 362 | _aSpring | ||
| 650 | _aLocal government - Great Britain | ||
| 650 | _aLocal government | ||
| 700 | _aBrockie, Chris | ||
| 773 | _aLocal Government Studies | ||
| 909 | _a48961 | ||
| 999 |
_c48961 _d48961 |
||